[Event "IND-ch 60th"]
[Site "Pune"]
[Date "2023.08.16"]
[Round "1"]
[White "Gupta, Abhijeet"]
[Black "Sikandar, Anis"]
[Result "1-0"]
[WhiteElo "2625"]
[BlackElo "1692"]
[PlyCount "51"]
[EventDate "2023.08.16"]
[EventType "swiss"]
[EventRounds "11"]
[EventCountry "IND"]
[SourceTitle "EXT 2024"]
[Source "ChessBase"]
[SourceDate "2023.10.10"]
[SourceVersion "1"]
[SourceVersionDate "2023.10.10"]
[SourceQuality "1"]

1. d4 Nf6 2. c4 e6 3. Nf3 b6 4. a3 Bb7 5. Nc3 d5 6. cxd5 exd5 7. Bg5 h6 8. Bxf6 Qxf6 9. Qa4+ Qc6 10. Qb3 a6 11. e4 Qe6 12. 0-0-0 dxe4 13. Bc4 Qf5 14. Ne5 Bd6 15. Bxf7+ Kd8 16. Bd5 Bxe5 17. dxe5 Qf4+ 18. Kb1 Kc8 19. Be6+ Nd7 20. Bxd7+ Kb8 21. e6 Qxf2 22. Rhf1 Qxg2 23. e7 Ka7 24. Qa4 Qg6 25. Nb5+ Kb8 26. Rf8+ 1-0

[Event "Canadian op"]
[Site "Calgary"]
[Date "2023.07.22"]
[Round "1"]
[White "Gupta, Abhijeet"]
[Black "Williamson, Jason"]
[Result "1-0"]
[WhiteElo "2629"]
[BlackElo "1747"]
[PlyCount "35"]
[EventDate "2023.07.22"]
[EventType "swiss"]
[EventRounds "10"]
[EventCountry "CAN"]
[SourceTitle "CBM 215 Extra"]
[Source "ChessBase"]
[SourceDate "2023.09.30"]
[SourceVersion "1"]
[SourceVersionDate "2023.09.30"]
[SourceQuality "1"]

1. d4 Nf6 2. c4 g6 3. Nc3 Bg7 4. e4 d6 5. f3 0-0 6. Nge2 c5 7. d5 Nbd7 8. Ng3 a6 9. a4 b5 10. cxb5 axb5 11. Bxb5 Ba6 12. 0-0 Ra7 13. Be3 Qa5 14. Qc2 Rb8 15. Nge2 Ne8 16. Rfc1 Ne5 17. b4 Qxb4 18. Bxa6 1-0

[Event "Dubai op-A 23rd"]
[Site "Dubai"]
[Date "2023.06.04"]
[Round "9"]
[White "Xue, Haowen"]
[Black "Gupta, Abhijeet"]
[Result "1/2-1/2"]
[WhiteElo "2335"]
[BlackElo "2630"]
[PlyCount "161"]
[EventDate "2023.05.27"]
[EventType "swiss"]
[EventRounds "9"]
[EventCountry "UAE"]
[SourceTitle "CBM 214 Extra"]
[Source "ChessBase"]
[SourceDate "2023.07.31"]
[SourceVersion "1"]
[SourceVersionDate "2023.07.31"]
[SourceQuality "1"]

1. d4 Nf6 2. c4 g6 3. Nf3 Bg7 4. h3 0-0 5. e3 d6 6. Nc3 Nbd7 7. Be2 e5 8. 0-0 Re8 9. Qc2 exd4 10. exd4 Nf8 11. Bd3 Ne6 12. Be3 Nh5 13. Ne2 f5 14. Kh1 Bd7 15. Rae1 Qf6 16. d5 Nc5 17. Bd4 Qf8 18. Qc3 Nf6 19. b4 Nce4 20. Qc2 a5 21. a3 Re7 22. Nc3 axb4 23. axb4 Rae8 24. Kg1 Ng5 25. Re3 Nxf3+ 26. Rxf3 Nh5 27. Be3 f4 28. g4 Rf7 29. Bd2 Nf6 30. Rxf4 b5 31. Nxb5 Bxb5 32. cxb5 Kh8 33. Re1 Rxe1+ 34. Bxe1 Nxd5 35. Rxf7 Qxf7 36. Qc4 Kg8 37. Bd2 Be5 38. Qe4 Nf6 39. Qe2 Bd4 40. Bh6 d5 41. Kg2 Ne4 42. f3 Nd6 43. Bc2 Bg7 44. Bg5 h6 45. Bh4 Nc4 46. Bg3 Bd4 47. Kh2 Kg7 48. Bd3 Ne3 49. f4 Qf6 50. f5 g5 51. Kh1 Bb6 52. Be1 Qa1 53. Qd2 Kf7 54. Be2 Bd4 55. Bf3 Kf8 56. Be2 Qb1 57. Bd3 Qa1 58. Qe2 Bb6 59. Kh2 Qd4 60. Bf2 Qf4+ 61. Bg3 Qxb4 62. Kh1 Qc3 63. Be1 Qa1 64. Kh2 Bd4 65. h4 Be5+ 66. Kh3 Bf4 67. Qf2 Qa3 68. Qe2 Qc1 69. Qd2 h5 70. Be2 Qa1 71. Qc3 Qxc3 72. Bxc3 hxg4+ 73. Bxg4 gxh4 74. Kxh4 Nc2 75. Bd1 Ne3 76. Bb3 d4 77. Bb4+ Kg7 78. Bc5 Nxf5+ 79. Kg4 Bd6 80. Kxf5 Bxc5 81. Bc4 1/2-1/2

[Event "Dubai op-A 23rd"]
[Site "Dubai"]
[Date "2023.06.03"]
[Round "8"]
[White "Gupta, Abhijeet"]
[Black "Aravindh, Chithambaram VR"]
[Result "1/2-1/2"]
[WhiteElo "2630"]
[BlackElo "2633"]
[PlyCount "148"]
[EventDate "2023.05.27"]
[EventType "swiss"]
[EventRounds "9"]
[EventCountry "UAE"]
[SourceTitle "CBM 214 Extra"]
[Source "ChessBase"]
[SourceDate "2023.07.31"]
[SourceVersion "1"]
[SourceVersionDate "2023.07.31"]
[SourceQuality "1"]

1. d4 d5 2. c4 c6 3. Nf3 Nf6 4. Nc3 dxc4 5. a4 Bf5 6. Ne5 Na6 7. e3 Nb4 8. Bxc4 e6 9. 0-0 Bd6 10. Qe2 h6 11. e4 Bh7 12. Bf4 0-0 13. Bg3 Qe7 14. Rad1 c5 15. dxc5 Bxc5 16. Bh4 g5 17. Bg3 Rad8 18. h4 Rxd1 19. Rxd1 Rd8 20. hxg5 Rxd1+ 21. Qxd1 hxg5 22. Bb5 a6 23. Bc4 Nxe4 24. Nxe4 Bxe4 25. Qh5 Nd5 26. Qe2 Bf5 27. Ng4 Kh7 28. Be5 Nf4 29. Bxf4 gxf4 30. Bd3 Qg5 31. Ne5 Kg7 32. Nf3 Qf6 33. Bxf5 Qxf5 34. Qd1 Qe4 35. b3 Be7 36. Ne1 e5 37. Nf3 Bf6 38. Nd2 Qd3 39. Qg4+ Kf8 40. Qc8+ Qd8 41. Qc2 Kg7 42. Kf1 Qd5 43. f3 Bd8 44. Ke2 Qd7 45. Qe4 f6 46. Qc2 Bb6 47. b4 Bd4 48. Ne4 f5 49. Nd2 Kf6 50. Nb3 Bb6 51. Nd2 Qg7 52. Qc8 Qxg2+ 53. Kd3 Qg7 54. Nc4 e4+ 55. fxe4 fxe4+ 56. Kxe4 Bc7 57. Kd3 Qh7+ 58. Kd4 Kg5 59. Nd2 Bb6+ 60. Kc3 Qc7+ 61. Qxc7 Bxc7 62. Kd3 Kg4 63. Ke4 b5 64. axb5 axb5 65. Kd5 Bb6 66. Ke4 Bd8 67. Nf3 Bf6 68. Nh2+ Kg3 69. Nf1+ Kg2 70. Kxf4 Kxf1 71. Ke4 Ke2 72. Kd5 Kd3 73. Kc5 Be7+ 74. Kxb5 Bxb4 1/2-1/2

[Event "Dubai op-A 23rd"]
[Site "Dubai"]
[Date "2023.06.02"]
[Round "7"]
[White "Asadli, Vugar Afgan Oglu"]
[Black "Gupta, Abhijeet"]
[Result "0-1"]
[WhiteElo "2584"]
[BlackElo "2630"]
[PlyCount "62"]
[EventDate "2023.05.27"]
[EventType "swiss"]
[EventRounds "9"]
[EventCountry "UAE"]
[SourceTitle "CBM 214 Extra"]
[Source "ChessBase"]
[SourceDate "2023.07.31"]
[SourceVersion "1"]
[SourceVersionDate "2023.07.31"]
[SourceQuality "1"]

1. e4 c5 2. Nf3 d6 3. d4 cxd4 4. Nxd4 Nf6 5. Nc3 a6 6. Bg5 Nbd7 7. Bc4 Qb6 8. Bb3 e6 9. Qd2 Be7 10. 0-0-0 Nc5 11. f3 Qc7 12. g4 b5 13. a3 Rb8 14. Ba2 b4 15. axb4 Rxb4 16. h4 Rb8 17. Be3 0-0 18. g5 Nh5 19. b4 Qb7 20. Qe1 Bd7 21. bxc5 dxc5 22. Nb3 c4 23. Qd2 Rfd8 24. Qd4 cxb3 25. Bxb3 a5 26. Qa7 Qc8 27. Rd3 Ra8 28. Qb6 a4 29. Ba2 Rb8 30. Qa7 Rb7 31. Qd4 Be8 0-1

[Event "Dubai op-A 23rd"]
[Site "Dubai"]
[Date "2023.05.30"]
[Round "4"]
[White "Gupta, Abhijeet"]
[Black "Miladinovic, Igor"]
[Result "1/2-1/2"]
[WhiteElo "2630"]
[BlackElo "2507"]
[PlyCount "62"]
[EventDate "2023.05.27"]
[EventType "swiss"]
[EventRounds "9"]
[EventCountry "UAE"]
[SourceTitle "CBM 214 Extra"]
[Source "ChessBase"]
[SourceDate "2023.07.31"]
[SourceVersion "1"]
[SourceVersionDate "2023.07.31"]
[SourceQuality "1"]

1. d4 d5 2. c4 e6 3. Nf3 Nf6 4. g3 c5 5. cxd5 exd5 6. Bg2 Nc6 7. 0-0 Be7 8. dxc5 Bxc5 9. a3 Ne4 10. b4 Bb6 11. Bb2 0-0 12. Nc3 Nxc3 13. Bxc3 a6 14. Qd2 d4 15. Bb2 Qf6 16. Rac1 Bf5 17. Qf4 Rfe8 18. Rxc6 bxc6 19. Bxd4 g5 20. Qd2 Bxd4 21. Qxd4 Kg7 22. Rc1 Rxe2 23. Qxf6+ Kxf6 24. Nd4 Rd2 25. Nxf5 Kxf5 26. Rc5+ Kf6 27. Rxc6+ Kg7 28. Rc5 Rd1+ 29. Bf1 h6 30. Kg2 a5 31. bxa5 Ra1 1/2-1/2

[Event "Titled Tuesday intern op 02nd May Early"]
[Site "Chess.com INT"]
[Date "2023.05.02"]
[Round "1"]
[White "Gupta, Abhijeet"]
[Black "Srinath, Rao SV"]
[Result "1-0"]
[WhiteElo "2630"]
[BlackElo "2287"]
[PlyCount "69"]
[EventDate "2023.05.02"]
[EventType "swiss (blitz)"]
[EventRounds "11"]
[EventCountry "USA"]
[SourceTitle "EXT 2024"]
[Source "ChessBase"]
[SourceDate "2023.10.10"]
[SourceVersion "1"]
[SourceVersionDate "2023.10.10"]
[SourceQuality "1"]

1. d4 Nf6 2. Nf3 g6 3. c4 Bg7 4. Nc3 0-0 5. e4 d6 6. h3 e5 7. d5 Nh5 8. g3 f5 9. exf5 gxf5 10. Bg5 Qe8 11. Be2 Na6 12. Nh4 Nf6 13. Qc2 e4 14. a3 Nc5 15. 0-0-0 Bd7 16. Kb1 a6 17. g4 b5 18. Nxf5 Bxf5 19. gxf5 bxc4 20. Bxc4 Qe5 21. Be3 Kh8 22. Rhg1 Qxf5 23. Rg5 Qxh3 24. Rdg1 Bh6 25. R5g3 Qh4 26. Bd4 Bf4 27. Rg4 Qh6 28. Nxe4 Ncxe4 29. Qxe4 Be5 30. Bxe5 dxe5 31. Qxe5 Rae8 32. Qd4 Re7 33. d6 cxd6 34. Rg8+ Rxg8 35. Rxg8# 1-0

[Event "Titled Tuesday intern op 02nd May Early"]
[Site "Chess.com INT"]
[Date "2023.05.02"]
[Round "4"]
[White "Sokolovsky, Yahli"]
[Black "Gupta, Abhijeet"]
[Result "0-1"]
[WhiteElo "2461"]
[BlackElo "2630"]
[PlyCount "76"]
[EventDate "2023.05.02"]
[EventType "swiss (blitz)"]
[EventRounds "11"]
[EventCountry "USA"]
[SourceTitle "EXT 2024"]
[Source "ChessBase"]
[SourceDate "2023.10.10"]
[SourceVersion "1"]
[SourceVersionDate "2023.10.10"]
[SourceQuality "1"]

1. b3 Nf6 2. Bb2 g6 3. c4 Bg7 4. g3 0-0 5. Bg2 d6 6. d4 Na6 7. Nf3 e5 8. dxe5 dxe5 9. 0-0 e4 10. Ng5 Bf5 11. Nd2 Re8 12. f3 e3 13. Nb1 h6 14. Nh3 g5 15. Nc3 c6 16. g4 Bh7 17. Qe1 Nb4 18. Rd1 Qc7 19. f4 Nxg4 20. Qg3 f5 21. fxg5 Be5 22. Qh4 Bxh2+ 23. Kh1 Bg3 24. Qh5 Bh4 25. Nf4 Bxg5 26. Ncd5 cxd5 27. a3 Bxf4 28. axb4 Be5 29. Bxd5+ Kh8 30. Bc1 Bg7 31. Rf3 Nf2+ 32. Rxf2 exf2 33. Rf1 Qg3 34. Bxh6 Re7 35. Bg5 Bd4 36. Qh2 Qxh2+ 37. Kxh2 Rxe2 38. Kg2 Rg8 0-1

[Event "Titled Tuesday intern op 25th Apr Early"]
[Site "Chess.com INT"]
[Date "2023.04.25"]
[Round "8"]
[White "Chigaev, Maksim"]
[Black "Gupta, Abhijeet"]
[Result "0-1"]
[WhiteElo "2617"]
[BlackElo "2620"]
[PlyCount "54"]
[EventDate "2023.04.25"]
[EventType "swiss (blitz)"]
[EventRounds "11"]
[EventCountry "USA"]
[SourceTitle "EXT 2024"]
[Source "ChessBase"]
[SourceDate "2023.10.10"]
[SourceVersion "1"]
[SourceVersionDate "2023.10.10"]
[SourceQuality "1"]

1. d4 Nf6 2. Bg5 Ne4 3. Bf4 d5 4. e3 c5 5. Bd3 cxd4 6. Bxe4 dxe4 7. Qxd4 Qxd4 8. exd4 Nc6 9. Ne2 Nb4 10. Na3 Nd5 11. Bg3 Bd7 12. 0-0 h5 13. c4 Nb4 14. h4 g6 15. Nc3 f5 16. Be5 Rg8 17. f3 Nd3 18. fxe4 Nxe5 19. dxe5 e6 20. Nc2 0-0-0 21. Rae1 Be7 22. g3 g5 23. exf5 gxh4 24. f6 Bc5+ 25. Kg2 Bc6+ 26. Kh3 Rxg3+ 27. Kxh4 Rg4+ 0-1

[Event "Titled Tuesday intern op 25th Apr Early"]
[Site "Chess.com INT"]
[Date "2023.04.25"]
[Round "10"]
[White "Deac, Bogdan Daniel"]
[Black "Gupta, Abhijeet"]
[Result "1/2-1/2"]
[WhiteElo "2700"]
[BlackElo "2620"]
[PlyCount "115"]
[EventDate "2023.04.25"]
[EventType "swiss (blitz)"]
[EventRounds "11"]
[EventCountry "USA"]
[SourceTitle "EXT 2024"]
[Source "ChessBase"]
[SourceDate "2023.10.10"]
[SourceVersion "1"]
[SourceVersionDate "2023.10.10"]
[SourceQuality "1"]

1. d4 Nf6 2. c4 c6 3. Nc3 d5 4. Nf3 e6 5. Bg5 Nbd7 6. e3 h6 7. Bh4 g5 8. Bg3 Nh5 9. Be5 Nhf6 10. cxd5 exd5 11. h3 Nxe5 12. Nxe5 Nd7 13. Nd3 Bg7 14. h4 Qe7 15. hxg5 hxg5 16. Rxh8+ Bxh8 17. Be2 Nf6 18. Qb3 Bf5 19. 0-0-0 0-0-0 20. Nc5 Kb8 21. Bd3 Bc8 22. Qc2 b6 23. Nb3 Ne8 24. Bf5 Bb7 25. a4 a5 26. Bd3 Nd6 27. Rh1 Bg7 28. Qe2 f5 29. Rh7 Rh8 30. Rxh8+ Bxh8 31. Qh5 Bf6 32. g3 f4 33. gxf4 gxf4 34. exf4 Nc4 35. Bxc4 dxc4 36. Nd2 Bxd4 37. Nxc4 Qb4 38. Qe8+ Ka7 39. Ne5 Bxc3 40. bxc3 Qxf4+ 41. Kd1 Qxa4+ 42. Kd2 Qa2+ 43. Ke3 Qd5 44. c4 Qc5+ 45. Kd3 a4 46. f4 a3 47. Kc3 a2 48. Kb2 Qf2+ 49. Ka1 Qc2 50. Qg6 Qc1+ 51. Kxa2 Qxf4 52. Nxc6+ Bxc6 53. Qxc6 Qd2+ 54. Kb3 Qd3+ 55. Kb2 Qd2+ 56. Kb3 Qd3+ 57. Kb2 Qd2+ 58. Kb3 1/2-1/2